00783 2200253 4500001002100000005001500021035002000036007000300056008004100059020001800100082000800118084001400126100002100140245011900161250001000280260004500290300003000335500008000365500001100445650002700456700002400483990001100507990001100518INLIS00000000000341920190517105045 a0010-0519000011ta190517 g 0 ind  a979-8966-31-7 a306 a306 GEE a0 aGEERTZ, Clifford1 aAfter The Fact :bDua Negeri, Empat Dasawarsa, Satu Antropolog /cClifford Geertz; alih bahasa, Landung Simatupang acet.1 aYogyakarta :bLKiS Pelangi Aksara,c2015 axxiii, 312 hlm. ;c21 cm. aJudul asli : After the Fact : Two Countries, Four Decades, One Anthropogist aIndeks 4aSOSIOLOGI. ANTROPOLOGI0 aSIMATUPANG, Landung a6596 a a6596 b